000 00459nam a2200169 a 4500
001 0000-9050
003 ELIB.Books
008 110520 1963
035 _a(ELIB.Books)0000-9199
082 _a225.7
_bBru
100 _aBruce, F. F.
245 _aTyndale (The Epistle of Paul to the Romans)
260 _bGrand Rapids: Wm. B. Eerdmans Publishing Co.
_c1963
650 _aCommentaries
942 _2ddc
_cBK
998 _cbat
_e2011-05-20
999 _c9050
_d9050